Herr der Ringe Zitate - Statistiken

Allgemein
  • Dieses Quiz wurde 440 mal gespielt
  • Das Durchschnittsergebnis liegt bei 11 aus 14
Antwortstatistiken
Hint Antwort % Korrekt
Flieht ihr Narren! Gandalf
98%
Es gibt etwas Gutes in dieser Welt, Herr Frodo, und dafür lohnt es sich zu kämpfen. Sam
95%
Ich bin froh, dass du hier bei mir bist hier am Ende aller Dinge, Sam. Frodo
94%
Ich könnte es dir beschreiben. Oder soll ich dir eine Kiste holen? Legolas
91%
Den Tod als Gewissheit. Geringe Aussicht auf Erfolg. Worauf warten wir noch? Gimli
89%
Du bestimmst unser aller Schicksal, kleiner Mann. Boromir
86%
Ich wäre bis zum Ende mit dir gegangen, Frodo, bis in die Feuer Mordors hinein. Aragorn
83%
Die Welt ist in Wandel. Ich spüre es im Wasser. Ich spüre es in der Erde. Ich rieche es in der Luft. Galadriel
80%
Ich würde lieber ein Leben mit dir teilen, als alle Zeitalter dieser Welt alleine zu durchleben. Arwen
76%
Ich will nicht sagen, weinet nicht. Denn nicht alle Tränen sind von Übel. Gandalf
73%
Geweint, weil wir so alleine waren. Und wir haben vergessen, wie Brot schmeckt, wie Bäume flüstern, wie der Wind streichelt, sogar unseren Namen haben wir vergessen. Gollum
73%
Die Frauen Rohans haben gelernt, dass jene ohne Schwerter trotzdem durch ein Schwert sterben können. Eowyn
68%
Ich will in keine Schlacht ziehen. Aber auf eine zu warten, der man nicht entgehen kann, ist noch schlimmer. Pippin
65%
Selbst der Kleinste vermag den Lauf des Schicksals zu verändern. Galadriel
55%
Keine übereinstimmenden Quizze gefunden
Verteilung der Resultate
Anzahl Personen mit jedem Resultat
Perzentil nach korrekt beantworteten Fragen
Ihre Resultats-Entwicklung
Sie haben dieses Quiz noch nicht gespielt